| 000 | 00736nam a2200229Ia 4500 | ||
|---|---|---|---|
| 003 | GCL | ||
| 005 | 20240530103204.0 | ||
| 008 | 140319s9999 xx 000 0 ara d | ||
| 040 |
_aGCL / _cGCL |
||
| 082 | 0 | 4 |
_a915.3 _bم م |
| 100 | 1 | _aمحمد محمود الصياد | |
| 245 | 1 | 0 |
_aمعالم جغرافية الوطن العربى / _cمحمد محمود الصياد |
| 260 |
_a[S.N] : _bدار النهضة العربية |
||
| 300 | _a397 ص | ||
| 650 | 0 | 4 | _aالجغرافيا الطبيعية |
| 650 | 0 | 4 | _aالوطن العربى |
| 650 | 0 | 4 | _aالجيولوجيا |
| 650 | 0 | 4 | _aالجغرافيا |
| 650 | 0 | 4 | _aالجغرافيا الزراعية |
| 650 | 0 | 4 | _aالمحاصيل الزراعية |
| 942 |
_2ddc _cBK |
||
| 999 |
_c37446 _d37446 |
||